[Event "FICS rated blitz game"]
[Site "FICS freechess.org"]
[Date "2018.01.17"]
[Round "?"]
[White "BiH"]
[Black "Gargoyles"]
[Result "1-0"]
[WhiteElo "1552"]
[BlackElo "1606"]
[PlyCount "89"]
[EventDate "2018.??.??"]
[EventType "blitz"]

1. e4 e5 2. Nf3 Nc6 3. c3 d5 4. Qa4 dxe4 5. Nxe5 Nf6 6. Bc4 Bc5 7. Nxf7 Bxf2+
8. Kxf2 Ng4+ 9. Ke2 Qh4 10. Rf1 Rf8 11. h3 Nh2 12. Rf2 Bd7 13. Qb5 Nd4+ 14.
cxd4 Bxb5 15. Bxb5+ c6 16. Bc4 b5 17. Bb3 a5 18. a4 Ra7 19. Nd6+ Ke7 20. Nf5+
Rxf5 21. Rxf5 Kd6 22. Nc3 Re7 23. axb5 Qg3 24. Bc4 Qxg2+ 25. Kd1 Nf3 26. bxc6
Nxd4 27. Rd5+ Kxc6 28. Rxd4 Qg1+ 29. Kc2 Qxd4 30. Bb5+ Kb6 31. Be2 Rf7 32. Na4+
Kb7 33. d3 e3 34. Ra3 Rf2 35. Rb3+ Ka7 36. Nc3 Qc5 37. Kd1 Qc6 38. Nb5+ Ka6 39.
Nc3 Qh1+ 40. Kc2 Qh2 41. Kd1 Qg1+ 42. Kc2 Qh2 43. Kd1 Qc7 44. d4+ Ka7 45. Nb5+
1-0

[Event "FICS rated blitz game"]
[Site "FICS freechess.org"]
[Date "2018.01.17"]
[Round "?"]
[White "Nahka"]
[Black "sfochamp"]
[Result "0-1"]
[WhiteElo "1823"]
[BlackElo "1615"]
[PlyCount "80"]
[EventDate "2018.??.??"]
[EventType "blitz"]

1. e4 e5 2. Nf3 Nc6 3. c3 Nf6 4. d4 d6 5. dxe5 Nxe5 6. Nxe5 dxe5 7. Qxd8+ Kxd8
8. Bc4 Ke8 9. f3 Bc5 10. Bg5 h6 11. Bh4 a6 12. Nd2 b5 13. Bb3 Ke7 14. O-O-O Be6
15. c4 Rad8 16. cxb5 axb5 17. Bxe6 Kxe6 18. Nb3 Be3+ 19. Kc2 c5 20. Bxf6 Kxf6
21. Rd5 Rxd5 22. exd5 Rd8 23. Kd3 Bd4 24. Nxd4 exd4 25. Ke4 Re8+ 26. Kf4 g5+
27. Kg4 Re5 28. a4 bxa4 29. Ra1 Rxd5 30. Rxa4 d3 31. Ra1 d2 32. Rd1 Ke5 33. g3
f5+ 34. Kh5 Rd6 35. g4 fxg4 36. h4 gxf3 37. hxg5 hxg5 38. Kxg5 Ke4 39. Kg4 Ke3
40. Kg3 Ke2 {White resigns} 0-1

[Event "FICS rated standard game"]
[Site "FICS freechess.org"]
[Date "2018.01.17"]
[Round "?"]
[White "Jpessoa"]
[Black "Navarrra"]
[Result "0-1"]
[WhiteElo "1470"]
[BlackElo "1642"]
[PlyCount "136"]
[EventDate "2018.??.??"]

1. e4 e5 2. Nf3 Nc6 3. c3 Nf6 4. d4 exd4 5. cxd4 Nxe4 6. d5 Bb4+ 7. Nc3 Ne7 8.
Bc4 Nxc3 9. bxc3 Bxc3+ 10. Bd2 Bxd2+ 11. Qxd2 O-O 12. O-O d6 13. Ng5 Bf5 14.
Bd3 Bg6 15. f4 Qd7 16. Qf2 Bxd3 17. Qh4 h6 18. Rfd1 Bb5 19. Ne4 Ng6 20. Qg3
Rfe8 21. f5 Qxf5 22. Nc3 Bd7 23. Rf1 Qg4 24. Qd3 Ne5 25. Qd2 Nc4 26. Qd3 Re3
27. Qc2 Rae8 28. h3 Qg5 29. Rae1 Rxe1 30. Rxe1 Rxe1+ 31. Kh2 Qf4+ 32. g3 Qe3
33. h4 Qd2+ 34. Qxd2 Nxd2 35. a4 Rc1 36. Ne2 Rc4 37. a5 Bb5 38. Nf4 Ne4 39. g4
Rc3 40. h5 Nf2 41. Kg1 Nxg4 42. Ng2 Nf6 43. Nf4 Bc4 44. Kf2 Bxd5 45. Ne2 Rc2
46. Ke1 Rc4 47. Kd2 Kf8 48. Nc3 Bc6 49. Nb1 Ke7 50. Na3 Rh4 51. Kc2 Rh3 52. Kb2
Ke6 53. Nc4 d5 54. Na3 Ke5 55. Nc2 Ke4 56. Kc1 Kd3 57. Nb4+ Kc4 58. Na2 Kb3 59.
Kb1 Rh1+ 60. Nc1+ Ka3 61. Kc2 Bb5 62. Nb3 Ne4 63. Nd4 c6 64. Nf5 Rh2+ 65. Kc1
Kb3 66. Kd1 Kc3 67. Ke1 Kd3 68. Kd1 Rh1# {White checkmated} 0-1

[Event "FICS rated lightning game"]
[Site "FICS freechess.org"]
[Date "2018.01.17"]
[Round "?"]
[White "kungzeb"]
[Black "javierrivas"]
[Result "0-1"]
[WhiteElo "1839"]
[BlackElo "1860"]
[PlyCount "68"]
[EventDate "2018.??.??"]

1. e4 e5 2. Nf3 Nc6 3. c3 Bc5 4. d4 exd4 5. cxd4 Bb6 6. d5 Nge7 7. dxc6 Nxc6 8.
Nc3 O-O 9. Bd3 d6 10. O-O Bg4 11. h3 h5 12. hxg4 hxg4 13. Nd2 Qh4 14. Na4 g3
15. Nf3 Bxf2+ 16. Rxf2 gxf2+ 17. Kf1 Qh1+ 18. Kxf2 Qxd1 19. Nc3 Qxd3 20. Bf4
Nd4 21. Rd1 Qc2+ 22. Rd2 Qxd2+ 23. Bxd2 Nxf3 24. Kxf3 Rae8 25. Nd5 c6 26. Nf4
Re5 27. Bc3 f6 28. Bxe5 fxe5 29. g3 g5 30. Kg4 gxf4 31. gxf4 Rxf4+ 32. Kg3 Rxe4
33. b3 d5 34. Kf2 Kf7 {White resigns} 0-1

[Event "FICS rated standard game"]
[Site "FICS freechess.org"]
[Date "2018.01.17"]
[Round "?"]
[White "piaanist"]
[Black "iloveeatapple"]
[Result "0-1"]
[WhiteElo "1399"]
[BlackElo "1573"]
[PlyCount "68"]
[EventDate "2018.??.??"]

1. e4 e5 2. Nf3 Nc6 3. c3 Nf6 4. Bd3 Bc5 5. O-O O-O 6. h3 d6 7. Nh2 d5 8. exd5
Qxd5 9. Qc2 e4 10. Bb5 Bd7 11. b3 a6 12. Bxc6 Qxc6 13. d3 Rad8 14. dxe4 Nxe4
15. Be3 Bxe3 16. fxe3 g6 17. Nd2 Nxc3 18. Rac1 Ne2+ 19. Kh1 Ng3+ 20. Kg1 Nxf1
21. Nhxf1 Bf5 22. Qxc6 bxc6 23. Rxc6 Rfe8 24. Rxa6 Rd3 25. e4 Bxe4 26. Nxe4
Rxe4 27. Rc6 Rd1 28. Kf2 Rf4+ 29. Ke2 Rfxf1 30. Rxc7 Ra1 31. a4 Rfb1 32. g4
Rxb3 33. Ra7 Ra2+ 34. Kd1 Rb1# {White checkmated} 0-1

[Event "FICS rated blitz game"]
[Site "FICS freechess.org"]
[Date "2018.01.17"]
[Round "?"]
[White "machoking"]
[Black "Mucke"]
[Result "1-0"]
[WhiteElo "1530"]
[BlackElo "1424"]
[PlyCount "81"]
[EventDate "2018.??.??"]
[EventType "blitz"]

1. e4 e5 2. Nf3 Nc6 3. c3 h6 4. d4 exd4 5. cxd4 d5 6. e5 Bg4 7. h3 Bb4+ 8. Nc3
Be6 9. Qa4 Bxc3+ 10. bxc3 Nge7 11. Bd3 O-O 12. Ba3 Re8 13. Qc2 a6 14. O-O Qd7
15. Rab1 b5 16. Bc1 Na5 17. Nd2 Bxh3 18. gxh3 Qxh3 19. Qd1 Rab8 20. Qf3 Qh4 21.
Qg3 Qxg3+ 22. fxg3 Rb6 23. Ba3 Nc4 24. Nxc4 dxc4 25. Be4 Ng6 26. Bc5 Rbb8 27.
Bd5 h5 28. Bxf7+ Kh7 29. Bxe8 Rxe8 30. Rf7 h4 31. Kg2 hxg3 32. Kxg3 c6 33. Kg4
a5 34. Kg5 Nh8 35. Rf8 Re6 36. Rh1+ Rh6 37. Rxh6+ gxh6+ 38. Kh5 Kg7 39. e6 Ng6
40. Rf7+ Kg8 41. Kxg6 {Black resigns} 1-0

[Event "FICS rated blitz game"]
[Site "FICS freechess.org"]
[Date "2018.01.17"]
[Round "?"]
[White "ALSChess"]
[Black "leading"]
[Result "1-0"]
[WhiteElo "1212"]
[BlackElo "1356"]
[PlyCount "45"]
[EventDate "2018.??.??"]
[EventType "blitz"]

1. e4 e5 2. Nf3 Nc6 3. c3 Nf6 4. Bb5 a6 5. Bxc6 dxc6 6. Qc2 Bd6 7. O-O O-O 8.
h3 h6 9. d4 Re8 10. Be3 exd4 11. cxd4 Nxe4 12. Nc3 Be6 13. Nxe4 Bf5 14. Nfd2
Bb4 15. f3 Bxd2 16. Bxd2 Qxd4+ 17. Kh1 Rad8 18. Bc3 Bxe4 19. fxe4 Qxe4 20. Qb3
c5 21. Qxf7+ Kh8 22. Rae1 Qc6 23. Qxg7# {Black checkmated} 1-0

[Event "FICS rated blitz game"]
[Site "FICS freechess.org"]
[Date "2018.01.17"]
[Round "?"]
[White "arju"]
[Black "frunze"]
[Result "1-0"]
[WhiteElo "1642"]
[BlackElo "1813"]
[PlyCount "107"]
[EventDate "2018.??.??"]
[EventType "blitz"]

1. e4 e5 2. Nf3 Nc6 3. c3 d5 4. exd5 Qxd5 5. d3 Nf6 6. c4 Qd8 7. Nc3 Bc5 8. Be3
Bxe3 9. fxe3 O-O 10. Be2 Be6 11. O-O h6 12. a3 Qe7 13. Qc2 Ng4 14. Nd1 f5 15.
h3 Nf6 16. b4 e4 17. dxe4 Nxe4 18. Nd4 Ne5 19. Nb2 c5 20. Nf3 Nxf3+ 21. Bxf3
Ng3 22. Rf2 cxb4 23. axb4 Qxb4 24. Rc1 Rae8 25. Nd3 Qe7 26. Nf4 Bf7 27. Bd5 Qe5
28. Bxf7+ Rxf7 29. Nd5 Ne4 30. Rf4 g5 31. Rff1 b6 32. Rfe1 Kg7 33. Qd3 Kg6 34.
Qf1 Nf6 35. Nxf6 Rxf6 36. Qf3 Qe4 37. Qf2 Rc8 38. Red1 Rxc4 39. Rxc4 Qxc4 40.
Rd4 Qc1+ 41. Kh2 Qc7+ 42. g3 h5 43. Qd2 h4 44. Qg2 Qxg3+ 45. Qxg3 hxg3+ 46.
Kxg3 a5 47. h4 Re6 48. hxg5 Kxg5 49. Kf3 Rc6 50. Rf4 b5 51. Rd4 Rb6 52. Rd3 b4
53. e4 b3 54. e5 1-0

[Event "FICS rated blitz game"]
[Site "FICS freechess.org"]
[Date "2018.01.17"]
[Round "?"]
[White "zbobi"]
[Black "xavetnat"]
[Result "0-1"]
[WhiteElo "1541"]
[BlackElo "1446"]
[PlyCount "130"]
[EventDate "2018.??.??"]
[EventType "blitz"]

1. e4 e5 2. Nf3 Nc6 3. c3 Bc5 4. Bc4 d6 5. Qb3 Qe7 6. d3 Na5 7. Qa4+ Nc6 8. Bb5
Bd7 9. Qd1 Nf6 10. O-O O-O 11. Be3 Bb6 12. Nbd2 a6 13. Bxc6 Bxc6 14. Bxb6 cxb6
15. Nc4 b5 16. Na5 Qd8 17. Nxc6 bxc6 18. Re1 c5 19. d4 Re8 20. dxe5 dxe5 21.
Qxd8 Raxd8 22. Rad1 Rxd1 23. Rxd1 Nxe4 24. Re1 f5 25. Nh4 g6 26. f3 Nd6 27. g3
Kf7 28. Rd1 Ke6 29. Ng2 Nc4 30. b3 Nb6 31. Ne3 Re7 32. h4 Rd7 33. Rxd7 Kxd7 34.
g4 f4 35. Nc2 Nd5 36. c4 Nc3 37. a3 Kc6 38. Kf2 a5 39. cxb5+ Nxb5 40. b4 axb4
41. axb4 c4 42. Ke2 Nd4+ 43. Nxd4+ exd4 44. Kd2 Kb5 45. h5 Kxb4 46. hxg6 hxg6
47. Kc2 g5 48. Kd2 Kb3 49. Kc1 c3 50. Kb1 d3 51. Kc1 c2 52. Kd2 Kb2 53. Kxd3
c1=Q 54. Ke4 Qc5 55. Kd3 Kb3 56. Ke4 Kb4 57. Kd3 Qd5+ 58. Ke2 Kc3 59. Kf2 Kd2
60. Kg2 Ke2 61. Kh3 Qxf3+ 62. Kh2 Qg3+ 63. Kh1 Qxg4 64. Kh2 Kf2 65. Kh1 Qh4# {
White checkmated} 0-1

[Event "FICS rated blitz game"]
[Site "FICS freechess.org"]
[Date "2018.01.17"]
[Round "?"]
[White "capricornus"]
[Black "nexhat"]
[Result "0-1"]
[WhiteElo "1330"]
[BlackElo "1310"]
[PlyCount "61"]
[EventDate "2018.??.??"]
[EventType "blitz"]

1. e4 e5 2. Nf3 Nc6 3. c3 d5 4. exd5 Qxd5 5. d3 Bc5 6. Be2 Bg4 7. O-O Bxf3 8.
Bxf3 Qe6 9. b4 Bb6 10. a4 a6 11. Bb2 Nge7 12. Nd2 O-O 13. Ne4 h6 14. b5 axb5
15. axb5 Rxa1 16. Bxa1 Na7 17. c4 Bd4 18. Bxd4 exd4 19. Nc5 Qg6 20. Nxb7 Nac8
21. Nc5 Nb6 22. Be4 Qg5 23. f4 Qxc5 24. f5 f6 25. Qf3 Na4 26. h4 Nc3 27. h5 Qa3
28. Kh2 Qb2 29. Rf2 Qc1 30. g4 Qg5 31. Qe3 {White resigns} 0-1

[Event "FICS rated blitz game"]
[Site "FICS freechess.org"]
[Date "2018.01.17"]
[Round "?"]
[White "windbumwino"]
[Black "Kiwrin"]
[Result "0-1"]
[WhiteElo "1503"]
[BlackElo "1556"]
[PlyCount "116"]
[EventDate "2018.??.??"]
[EventType "blitz"]

1. e4 e5 2. c3 Nc6 3. Nf3 Bc5 4. d4 exd4 5. cxd4 Bb6 6. d5 Nce7 7. Nc3 d6 8.
Bb5+ Bd7 9. Qa4 Nf6 10. O-O Bxb5 11. Nxb5 Qd7 12. Nc3 Qxa4 13. Nxa4 Nxe4 14.
Nxb6 axb6 15. Re1 Nf6 16. Bg5 Nfxd5 17. Nd4 Kd7 18. Bxe7 Nxe7 19. b4 Rhe8 20.
Kf1 g6 21. a4 Nc6 22. Nc2 Rxe1+ 23. Kxe1 Re8+ 24. Kd2 Re4 25. b5 Na5 26. Kd3
Re5 27. f4 Rd5+ 28. Kc3 Rc5+ 29. Kd3 Rh5 30. h3 Rf5 31. g3 Rh5 32. h4 Rd5+ 33.
Kc3 Rc5+ 34. Kd3 c6 35. Rb1 Rd5+ 36. Nd4 c5 37. Ke4 Rxd4+ 38. Kf3 Nc4 39. Re1
Nd2+ 40. Kg4 Rxa4 41. Re2 Ne4 42. Re3 d5 43. h5 f6 44. hxg6 hxg6 45. Kh4 c4 46.
g4 c3 47. g5 fxg5+ 48. fxg5 c2 49. Re1 Rc4 50. Rc1 Nd2+ 51. Kh3 Nb3 52. Kg2
Nxc1 53. Kf3 Nb3 54. Ke3 c1=Q+ 55. Kd3 Qc3+ 56. Ke2 Rd4 57. Kf2 Rd2+ 58. Kf1
Qc1# {White checkmated} 0-1

[Event "FICS rated standard game"]
[Site "FICS freechess.org"]
[Date "2018.01.17"]
[Round "?"]
[White "FyFazan"]
[Black "Fehizoro"]
[Result "1-0"]
[WhiteElo "1669"]
[BlackElo "1758"]
[PlyCount "63"]
[EventDate "2018.??.??"]

1. e4 e5 2. Nf3 Nc6 3. c3 Nf6 4. d3 d6 5. Be2 Be7 6. d4 exd4 7. cxd4 Bg4 8. d5
Ne5 9. Nxe5 Bxe2 10. Nxf7 Bxd1 11. Nxd8 Rxd8 12. Kxd1 Nxe4 13. Re1 Nxf2+ 14.
Ke2 Ng4 15. Nc3 Nxh2 16. Kf2 Ng4+ 17. Kg3 Ne5 18. Nb5 c6 19. Nc7+ Kd7 20. Ne6
Rdg8 21. Be3 cxd5 22. Nd4 a6 23. Rad1 Rb8 24. Nf5 Bf6 25. Rxd5 Nc4 26. Bf4 Rbe8
27. Red1 Nxb2 28. Rxd6+ Kc8 29. Rc1+ Kb8 30. Rxf6+ Ka8 31. Rb6 Ka7 32. Rxb2 {
Black resigns} 1-0

[Event "FICS rated blitz game"]
[Site "FICS freechess.org"]
[Date "2018.01.17"]
[Round "?"]
[White "SomanNair"]
[Black "snob"]
[Result "1-0"]
[WhiteElo "1487"]
[BlackElo "1473"]
[PlyCount "85"]
[EventDate "2018.??.??"]
[EventType "blitz"]

1. e4 e5 2. Nf3 Nc6 3. c3 a6 4. d4 exd4 5. cxd4 d5 6. e5 Bg4 7. Be2 Bxf3 8.
Bxf3 Bb4+ 9. Nc3 Bxc3+ 10. bxc3 Nge7 11. O-O h6 12. Ba3 O-O 13. Bxe7 Qxe7 14.
Qb3 Rad8 15. Qxb7 Na5 16. Qxa6 Nc4 17. Bxd5 Rxd5 18. Qxc4 Rb8 19. Rab1 Rxb1 20.
Rxb1 Qd7 21. h4 c5 22. Rb8+ Kh7 23. Qd3+ g6 24. h5 cxd4 25. hxg6+ fxg6 26. c4
Rxe5 27. Rb6 Qf5 28. Qxf5 Rxf5 29. Kf1 Rf7 30. Ke2 Rd7 31. Kd3 Ra7 32. Kxd4
Rxa2 33. Rb7+ Kg8 34. Ke3 Rc2 35. Rc7 Kf8 36. g4 Kg8 37. f4 Kf8 38. Ke4 Kg8 39.
Ke5 Kf8 40. Kf6 h5 41. Kxg6 hxg4 42. Kf6 g3 43. Rc8# {Black checkmated} 1-0

[Event "FICS rated blitz game"]
[Site "FICS freechess.org"]
[Date "2018.01.17"]
[Round "?"]
[White "mohdriaz"]
[Black "unniboss"]
[Result "1-0"]
[WhiteElo "1266"]
[BlackElo "1329"]
[PlyCount "49"]
[EventDate "2018.??.??"]
[EventType "blitz"]

1. e4 e5 2. Nf3 Nc6 3. c3 Nf6 4. Bc4 h6 5. O-O Bc5 6. b4 Bb6 7. a4 a6 8. d3 O-O
9. Bb3 d6 10. h3 Be6 11. Bxe6 fxe6 12. Be3 Bxe3 13. fxe3 Nh7 14. Nbd2 Qe7 15.
Qe1 Rf7 16. Nh2 Raf8 17. Rxf7 Rxf7 18. Ndf3 Ng5 19. Qg3 Nxf3+ 20. Nxf3 Rf6 21.
Rf1 Qf7 22. Nh2 Rxf1+ 23. Nxf1 Kh7 24. Nh2 Qg6 25. Qf3 1-0

[Event "FICS rated blitz game"]
[Site "FICS freechess.org"]
[Date "2018.01.17"]
[Round "?"]
[White "HotCarl"]
[Black "bigpoint"]
[Result "1-0"]
[WhiteElo "1426"]
[BlackElo "1271"]
[PlyCount "89"]
[EventDate "2018.??.??"]
[EventType "blitz"]

1. e4 e5 2. Nf3 Nc6 3. c3 d6 4. d4 exd4 5. cxd4 Bg4 6. Be2 Bxf3 7. Bxf3 Qf6 8.
e5 dxe5 9. Bxc6+ Qxc6 10. d5 Qb5 11. Nc3 Qa6 12. Be3 Bb4 13. Qb3 Bxc3+ 14. bxc3
Nf6 15. c4 O-O 16. O-O c6 17. d6 b5 18. c5 Nd5 19. Bd2 Qb7 20. f4 exf4 21. Bxf4
a5 22. Bg3 Qa7 23. Rac1 a4 24. Qf3 Rae8 25. h3 Re3 26. Qf2 f6 27. a3 Rfe8 28.
Qf5 Rc3 29. Rxc3 Nxc3 30. d7 Rd8 31. Bd6 Qxd7 32. Qd3 Nd5 33. Rf3 Qe6 34. Rg3
Nf4 35. Qf3 Ne2+ 36. Kh2 Nxg3 37. Qxg3 Qb3 38. Qg4 Re8 39. Qd7 Qe6 40. Qxc6 Rc8
41. Qxb5 Qb3 42. Qd7 Ra8 43. c6 Qd5 44. c7 Qxd6+ 45. Qxd6 1-0

[Event "FICS rated blitz game"]
[Site "FICS freechess.org"]
[Date "2018.01.17"]
[Round "?"]
[White "denk"]
[Black "Deflix"]
[Result "1-0"]
[WhiteElo "1298"]
[BlackElo "1383"]
[PlyCount "119"]
[EventDate "2018.??.??"]
[EventType "blitz"]

1. e4 Nc6 2. Nf3 e5 3. c3 Nf6 4. Bd3 Be7 5. O-O O-O 6. Re1 d6 7. Bc2 a5 8. d4
exd4 9. cxd4 Bd7 10. d5 Nb4 11. e5 Nfxd5 12. Be4 c6 13. a3 Na6 14. Bxd5 cxd5
15. exd6 Bxd6 16. Qxd5 Bc6 17. Qh5 Qf6 18. Ng5 h6 19. Nf3 Rae8 20. Be3 Re4 21.
Nbd2 Ree8 22. Bd4 Rxe1+ 23. Rxe1 Bxf3 24. Nxf3 Qf4 25. Qxa5 Nc7 26. Qc3 f6 27.
g3 Qf5 28. Nh4 Qd7 29. Qc4+ Kh7 30. Qd3+ f5 31. g4 Qd8 32. Nxf5 g6 33. Nxd6
Qxd6 34. h4 Nd5 35. h5 Nf4 36. hxg6+ Nxg6 37. Qe4 Qd7 38. Bc5 Rf4 39. Qxf4 Nxf4
40. Re7+ Qxe7 41. Bxe7 Nd3 42. Bf6 Kg6 43. Bc3 Kg5 44. Kg2 Kxg4 45. a4 h5 46.
a5 h4 47. b4 h3+ 48. Kg1 Kf3 49. b5 Nxf2 50. a6 bxa6 51. b6 Ng4 52. b7 h2+ 53.
Kh1 Kg3 54. b8=Q+ Kh3 55. Qc8 a5 56. Bxa5 Kg3 57. Bc7+ Kf3 58. Qb7+ Ke2 59.
Qe4+ Ne3 60. Bb6 {Black resigns} 1-0

[Event "FICS rated blitz game"]
[Site "FICS freechess.org"]
[Date "2018.01.17"]
[Round "?"]
[White "ashups"]
[Black "prnaik"]
[Result "0-1"]
[WhiteElo "1232"]
[BlackElo "1408"]
[PlyCount "58"]
[EventDate "2018.??.??"]
[EventType "blitz"]

1. e4 e5 2. Nf3 Nc6 3. c3 Nf6 4. Bc4 Bc5 5. d4 exd4 6. Bxf7+ Kxf7 7. Qb3+ d5 8.
e5 Re8 9. O-O Nxe5 10. Ng5+ Kg8 11. cxd4 Bxd4 12. Bf4 h6 13. Bxe5 Bxe5 14. Nf3
Bd6 15. Nbd2 c6 16. Nd4 Kh8 17. Qd3 Ne4 18. Nxe4 dxe4 19. Qc4 Be5 20. Rad1 Qb6
21. Nb3 Be6 22. Qxe4 Bxb3 23. Qxe5 Rxe5 24. axb3 Qxb3 25. h4 Qxb2 26. f4 Re2
27. Rde1 Rxg2+ 28. Kh1 Rh2+ 29. Kg1 Qg2# {White checkmated} 0-1

[Event "FICS rated blitz game"]
[Site "FICS freechess.org"]
[Date "2018.01.17"]
[Round "?"]
[White "Sytar"]
[Black "oritelgavi"]
[Result "1/2-1/2"]
[WhiteElo "1551"]
[BlackElo "1428"]
[PlyCount "107"]
[EventDate "2018.??.??"]
[EventType "blitz"]

1. e4 e5 2. c3 Nc6 3. Nf3 Bc5 4. a4 a5 5. d4 exd4 6. cxd4 Bb4+ 7. Nc3 Nge7 8.
d5 Na7 9. Qd4 O-O 10. Bg5 f6 11. Bh4 Ng6 12. Bg3 d6 13. Be2 Bc5 14. Qd3 Ne5 15.
Nxe5 fxe5 16. O-O-O Bxf2 17. Rdf1 Bxg3 18. Rxf8+ Qxf8 19. Qxg3 Bd7 20. h4 Qf4+
21. Qxf4 exf4 22. Rf1 Rf8 23. b3 h6 24. h5 c6 25. Kd2 c5 26. Kd3 Nc8 27. e5
dxe5 28. Kc4 b6 29. d6 Nxd6+ 30. Kd5 Nf5 31. Bg4 Ne3+ 32. Kd6 Bxg4 33. Rg1 Re8
34. Nd5 Bxh5 35. Nxb6 e4 36. Kxc5 f3 37. gxf3 exf3 38. Nc4 Nxc4 39. Kxc4 f2 40.
Rf1 Rf8 41. Kd3 Be8 42. Ke3 Bd7 43. Rxf2 Rxf2 44. Kxf2 Kf7 45. Ke3 Ke6 46. Kd4
Kd6 47. Kc4 Be6+ 48. Kb5 Bxb3 49. Kxa5 Bxa4 50. Kxa4 h5 51. Kb3 h4 52. Kc4 h3
53. Kd4 h2 54. Ke4 1/2-1/2

[Event "FICS rated blitz game"]
[Site "FICS freechess.org"]
[Date "2018.01.17"]
[Round "?"]
[White "BiH"]
[Black "Hasdrubal"]
[Result "0-1"]
[WhiteElo "1569"]
[BlackElo "1639"]
[PlyCount "98"]
[EventDate "2018.??.??"]
[EventType "blitz"]

1. e4 e5 2. Nf3 Nc6 3. c3 Nf6 4. d4 d6 5. d5 Nb8 6. Bd3 Nbd7 7. Qe2 a5 8. c4
Nc5 9. Bc2 g6 10. Nc3 Bg7 11. h3 O-O 12. O-O h6 13. Be3 b6 14. Qd2 Kh7 15. Rfe1
Nh5 16. Kh2 f5 17. exf5 Bxf5 18. g4 Bxc2 19. Qxc2 Rxf3 20. gxh5 Qf6 21. hxg6+
Qxg6 22. Qxg6+ Kxg6 23. Bxc5 bxc5 24. Ne4 Raf8 25. Kg2 h5 26. b3 Bh6 27. Rab1
Bd2 28. Re2 Bc3 29. a3 Bd4 30. b4 axb4 31. axb4 cxb4 32. Rxb4 R8f4 33. Rb7 Bb6
34. Rb8 Rf8 35. Rxf8 Rxf8 36. f3 h4 37. Ra2 Rg8 38. Kh2 Kf5 39. Ra6 Kf4 40. Ra3
Bg1+ 41. Kh1 Be3 42. Nc3 Kxf3 43. Nd1 Rg1+ 44. Kh2 Rxd1 45. Rc3 Ke4 46. Kg2
Rd2+ 47. Kh1 Kf3 48. Rc1 e4 49. Rf1+ Kg3 0-1

[Event "FICS rated blitz game"]
[Site "FICS freechess.org"]
[Date "2018.01.17"]
[Round "?"]
[White "kautabak"]
[Black "Principia"]
[Result "1-0"]
[WhiteElo "1600"]
[BlackElo "1545"]
[PlyCount "103"]
[EventDate "2018.??.??"]
[EventType "blitz"]

1. e4 e5 2. Nf3 Nc6 3. c3 Nf6 4. Bd3 Be7 5. Bc2 O-O 6. d4 exd4 7. cxd4 d6 8.
O-O Bg4 9. Be3 Nb4 10. Nbd2 a5 11. a3 Bxf3 12. Nxf3 Nxc2 13. Qxc2 Nd7 14. Rac1
c6 15. Rfd1 f5 16. exf5 Bf6 17. Qb3+ Kh8 18. Qxb7 Rc8 19. Rxc6 Rxc6 20. Qxc6
Qe7 21. h3 h6 22. Qa6 Rb8 23. Rd2 Qe4 24. Qxd6 Rd8 25. Qa6 Qxf5 26. Qd3 Qd5 27.
Rc2 Nb6 28. Rc5 Qa2 29. Rxa5 Qa1+ 30. Kh2 Qxb2 31. Rb5 Qxa3 32. Qxa3 Nd5 33.
Rxd5 Rxd5 34. Qa8+ Rd8 35. Qe4 Kg8 36. Ne5 Rd6 37. Qg6 Rd8 38. Bxh6 Rxd4 39.
Qf7+ Kh7 40. Ng4 Rxg4 41. hxg4 Kxh6 42. f4 Kh7 43. g5 Ba1 44. g6+ Kh6 45. g4
Bf6 46. g5+ Kh5 47. gxf6 Kg4 48. fxg7 Kh5 49. g8=Q Kg4 50. Qc8+ Kf3 51. Qc3+
Kg4 52. Qh3# {Black checkmated} 1-0

[Event "FICS rated lightning game"]
[Site "FICS freechess.org"]
[Date "2018.01.17"]
[Round "?"]
[White "kungzeb"]
[Black "javierrivas"]
[Result "1-0"]
[WhiteElo "1840"]
[BlackElo "1859"]
[PlyCount "55"]
[EventDate "2018.??.??"]

1. e4 e5 2. Nf3 Nc6 3. c3 Bc5 4. d4 exd4 5. cxd4 Bb6 6. Bb5 Nge7 7. d5 Nb8 8.
Bg5 f6 9. Bf4 O-O 10. d6 c6 11. Bc4+ Kh8 12. O-O Ng6 13. Bg3 Ne5 14. Nxe5 fxe5
15. Bxe5 Qg5 16. Bc3 Na6 17. b4 c5 18. b5 Nb8 19. Nd2 a6 20. Nf3 Qh5 21. Ne5
axb5 22. Qxh5 bxc4 23. Ng6+ Kg8 24. Nxf8 Kxf8 25. Qg5 g6 26. Qf6+ Ke8 27. Qg7
Nc6 28. Qg8# {Black checkmated} 1-0

[Event "FICS rated blitz game"]
[Site "FICS freechess.org"]
[Date "2018.01.17"]
[Round "?"]
[White "BiH"]
[Black "AlekseySaushkin"]
[Result "1-0"]
[WhiteElo "1520"]
[BlackElo "1549"]
[PlyCount "43"]
[EventDate "2018.??.??"]
[EventType "blitz"]

1. e4 e5 2. Nf3 Nc6 3. c3 Nf6 4. d4 exd4 5. e5 dxc3 6. exf6 Qxf6 7. Nxc3 Bb4 8.
Bd2 O-O 9. Be2 Re8 10. O-O Bc5 11. Nd5 Qe6 12. Nxc7 Qxe2 13. Qxe2 Rxe2 14. Nxa8
Nd4 15. Nxd4 Bxd4 16. Bc3 Bxc3 17. bxc3 d5 18. Rfe1 Rxe1+ 19. Rxe1 Bd7 20. Nc7
g6 21. Nxd5 a5 22. Nf6+ {Black resigns} 1-0

[Event "FICS rated lightning game"]
[Site "FICS freechess.org"]
[Date "2018.01.17"]
[Round "?"]
[White "kungzeb"]
[Black "javierrivas"]
[Result "0-1"]
[WhiteElo "1871"]
[BlackElo "1828"]
[PlyCount "70"]
[EventDate "2018.??.??"]

1. e4 e5 2. Nf3 Nc6 3. c3 Bc5 4. d4 exd4 5. cxd4 Bb6 6. Nc3 Nge7 7. Bc4 O-O 8.
O-O d6 9. h3 Ng6 10. Re1 Nh4 11. Bg5 Nxf3+ 12. Qxf3 Qxg5 13. Bd5 Nxd4 14. Qd3
c6 15. Bc4 Be6 16. Na4 c5 17. Nxb6 axb6 18. b3 Bxc4 19. bxc4 Rae8 20. f3 f5 21.
exf5 Rxe1+ 22. Rxe1 Qxf5 23. Qe3 Nc2 24. Qe6+ Qxe6 25. Rxe6 Rd8 26. Re7 Ne3 27.
Rxb7 Nxc4 28. a3 d5 29. a4 d4 30. Re7 d3 31. Re1 d2 32. Rd1 Nb2 33. a5 Nxd1 34.
axb6 Nc3 35. Kh2 d1=Q {White resigns} 0-1

[Event "FICS rated blitz game"]
[Site "FICS freechess.org"]
[Date "2018.01.17"]
[Round "?"]
[White "paperfold"]
[Black "cyberfan"]
[Result "0-1"]
[WhiteElo "1356"]
[BlackElo "1491"]
[PlyCount "90"]
[EventDate "2018.??.??"]
[EventType "blitz"]

1. e4 e5 2. Nf3 Nc6 3. c3 a6 4. b4 Nf6 5. b5 axb5 6. Bxb5 Nxe4 7. Bxc6 dxc6 8.
Qe2 f5 9. Nxe5 Be7 10. Qh5+ g6 11. Nxg6 hxg6 12. Qxh8+ Kd7 13. Qxd8+ Kxd8 14.
d3 Nc5 15. O-O Bd7 16. d4 Ne4 17. Bf4 Kc8 18. Nd2 Nxc3 19. a4 Nd5 20. Be5 b6
21. Nc4 Kb7 22. Rfb1 Bb4 23. Ne3 Ba5 24. Nxd5 cxd5 25. Rc1 c6 26. Bd6 g5 27. f3
Re8 28. Kf2 f4 29. Be5 Bd2 30. Rcb1 Ba5 31. h3 Ra8 32. Bf6 Bd2 33. Bxg5 Be3+
34. Ke2 Bxd4 35. Ra2 Be3 36. Rab2 Rxa4 37. g3 Bxh3 38. Bxf4 Bc5 39. Be3 d4 40.
Bf2 Bf5 41. Rh1 d3+ 42. Kd2 Bxf2 43. g4 Be6 44. Kxd3 Bd4 45. Rbh2 c5 0-1

[Event "FICS rated lightning game"]
[Site "FICS freechess.org"]
[Date "2018.01.17"]
[Round "?"]
[White "kungzeb"]
[Black "javierrivas"]
[Result "0-1"]
[WhiteElo "1837"]
[BlackElo "1862"]
[PlyCount "80"]
[EventDate "2018.??.??"]

1. e4 e5 2. Nf3 Nc6 3. c3 Bc5 4. d4 exd4 5. cxd4 Bb6 6. Bb5 Nge7 7. Bg5 O-O 8.
O-O f6 9. Bh4 d6 10. Re1 Bg4 11. d5 Ne5 12. Nbd2 N7g6 13. Bg3 Bxf3 14. Nxf3
Nxf3+ 15. Qxf3 Ne5 16. Bxe5 fxe5 17. Qg3 Bxf2+ 18. Qxf2 Rxf2 19. Kxf2 Qh4+ 20.
Kg1 Rf8 21. Be2 Qxe4 22. Bf3 Qd4+ 23. Kh1 b6 24. Rf1 Qxb2 25. Bg4 Rxf1+ 26.
Rxf1 g6 27. Be6+ Kg7 28. h3 Qc3 29. Rf7+ Kh6 30. Kh2 a5 31. a4 Qc5 32. Rf3 Qc4
33. Rf2 Qxa4 34. Rf7 Qc4 35. Rf3 b5 36. g4 b4 37. Kg3 Qf4+ 38. Kg2 Qxf3+ 39.
Kxf3 b3 40. h4 b2 0-1

[Event "FICS rated blitz game"]
[Site "FICS freechess.org"]
[Date "2018.01.17"]
[Round "?"]
[White "turnipforwhat"]
[Black "tuffnut"]
[Result "1-0"]
[WhiteElo "1043"]
[BlackElo "1087"]
[PlyCount "57"]
[EventDate "2018.??.??"]
[EventType "blitz"]

1. e4 e5 2. Nf3 Nc6 3. c3 Nf6 4. d3 h6 5. Be2 d6 6. b4 a6 7. Bb2 Be7 8. a3 Be6
9. d4 exd4 10. cxd4 Nxe4 11. d5 Bxd5 12. Qxd5 Nf6 13. Qb3 O-O 14. Nd4 Nxd4 15.
Bxd4 Qc8 16. O-O c5 17. bxc5 dxc5 18. Be3 b5 19. Nd2 c4 20. Qc3 Nd5 21. Qd4 Rd8
22. Ne4 Nxe3 23. Qxe3 Re8 24. Bf3 Bg5 25. Qc3 Rd8 26. h3 Rd3 27. Qe5 Qd8 28.
Nxg5 hxg5 29. Bxa8 {Black resigns} 1-0